00181nam a2200073Ia 4500008004100000082000800041100002000049245003800069240331s9999 xx 000 0 und d bJAY aJayawardena,K.P 0aWomen and governance :bSri Lanka